| 000 | 00906nam a22002771a 4500 | ||
|---|---|---|---|
| 001 | 014859774 | ||
| 003 | OSt | ||
| 005 | 20141117150506.0 | ||
| 008 | 100128t2009 xxuad fr 001 0 eng d | ||
| 020 | _a9780138157647 (pbk.) | ||
| 020 | _a0138157642 (pbk.) | ||
| 040 |
_aStDuBDS _beng _cStDuBDS _dEG-ScBUE |
||
| 082 | 0 | 0 |
_a332.024 _222 _bFRA |
| 100 | 1 |
_aFrasca, Ralph R. _936564 |
|
| 245 | 1 | 0 |
_aPersonal finance : _ban integrated planning approach / _cRalph R. Frasca. |
| 250 |
_a8th ed., _bPearson international ed. |
||
| 260 |
_aBoston, United States : _bPrentice Hall, _cc.2009. |
||
| 300 |
_axvi, 488 p. : _bcharts, tables ; _c26 cm. |
||
| 500 | _aIndex : p. 478-488. | ||
| 500 | _aIncludes appendixes. | ||
| 650 | 0 |
_aFinance, Personal _922964 |
|
| 653 |
_bBUSADM _cNovember2014 |
||
| 655 |
_vreading book _934232 |
||
| 690 | 7 |
_aManagement and Business Studies _2blcoll |
|
| 942 |
_2ddc _k332.024 FRA |
||
| 999 |
_c18635 _d18607 |
||